000 00534nam a2200181Ia 4500
001 983
008 140312s9999 xx 000 0 und d
020 _a8180520048
040 _cPK-LaUMT
082 _a 658.4053
_bLAM-F
100 _aJonamay Lambert
245 _a50 activities for conflict resolution:
_bgroup learning and self development exercises
_cJonamay Lambert<>Selma Myers
260 _a"New Delhi,India:"
_b"Ane Books,"
_c1999.
300 _a163 p.
650 _aConflicti management
700 _aSelma Myers
942 _cBK
999 _c1084
_d1084